000 00552nam a2200181Ia 4500
008 151202s9999||||xx |||||||||||||| ||und||
082 _bPNVM-32112
100 _aभावे पु.भा.
245 _aपिंगट पेटीचे रहस्य.
260 _b---
260 _c0
300 _a0
600 _aभावे पु.भा.
630 _aपिंगट पेटीचे रहस्य.
700 _aभावे पु.भा.
730 _aपिंगट पेटीचे रहस्य.
942 _cBOOK
999 _c1298073
_d1298070